000 00450nam a2200181Ia 4500
001 17975
005 20260306171556.0
008 260306s9999||||xx |||||||||||||| ||und||
041 _aESP
082 _a658.3
_bR86 2009
100 _aRouault, Frank
_eAUT
245 0 _a365 Guías de desempeño de la eficiencia profesional
260 _c2009
300 _a194 páginas :
_c24 cm.
650 _aGEN
654 _aCAN
942 _cLIB
_dJUS
_fJUS
_2ddc
_n
999 _c17975
_d17975